01729na a2200337 450000100060000000300080000600500170001400800410003102200140007203500100008604000250009604100080012122200170012924500800014624600470022624600250027326000620029830000260036031000240038636200340041050005250044450000570096950000490102653000660107555000640114165000410120565000510124665100490129765500100134671000350135622170MIRAKIL20181226092845.0170211b tu n0 0 0  a1300-2333 a20919 aMilasbturcTR-AnCHP atur aTürk yurdu aTürk yurdubdilde, fikirde, işte birlikc[yayınlayan] Türk Ocakları adilde, fikirde, işte birlik Türk yurdu aTürk yurdu dergisi aAnkara, İstanbulbTürk Ocakları Genel Merkezic1911- ac.brnk. res.c28 sm. aAylık (düzensiz) acilt 29, sayı 262 (Haziran)- aMevcut sayılar : c. 29, s. 262, Haziran 2009; c. 31, s. 283 Mart 2011; c. 31, s. 285, Mayıs 2011; c. 31, s. 289, Eylül 2011; c. 31, s. 291, Kasım 2011; c. 32, s. 303, Kasım 2012; c. 33, s. 310, Haziran 2013; c. 33, s. 316, Aralık 2013; y.103, s. 317, Ocak 2014; y. 103 s. 318, Şubat 2014; y. 103, s. 319, Mart 2014; y. 103, s. 326, Ekim 2014; y. 103, s. 328, Aralık 2014; y. 104, s. 332,Nisan 2015; y.104, s. 337, Eylül 2015; y. 104, s. 338, Ekim 2015; y. 104, s. 339, Kasım 2015; y. 106, s. 353, Ocak 2017 aNiteleme cilt 29, sayı 262 (Haziran)'e dayalıdır. aDilde, fikirde, işte birlik Türk yurdu.  aOnline olarak erişilebilir. (https://www.turkyurdu.com.tr/) aYayımcının önceki adı : Türk Ocağı Merkez Heyeti aTürk ocaklarıvSüreli yayınlar aMilliyetçilikvSüreli yayınlarzTürkiye aTürkiyevSüreli yayınlarxSiyasal tarih aDergi aTürk OcaklarıtTürk yurdu